| 000 | 00633cab a2200205 4500 | ||
|---|---|---|---|
| 001 | WB2807-44 | ||
| 008 | 090401t1992 xxu||||| |||| 00| 0 eng d | ||
| 035 | _a(Sirsi) u33395 | ||
| 041 | _aeng | ||
| 245 | _aNew publicity arrangements for planning applications | ||
| 260 | _c1992 | ||
| 350 | _a0 | ||
| 490 |
_aDoE News Release _v(86) 5 February 1992 (3) |
||
| 520 | _aSummarises the new compulsory publicity arrangements for planning applications due to come into effect on 4 May 1992. | ||
| 650 | _aPLANNING APPLICATIONS | ||
| 650 | _aPUBLICITY | ||
| 690 | _aPLANNING LAW AND PRACTICE | ||
| 942 | _n0 | ||
| 948 | _c04/03/1997 | ||
| 999 |
_c22315 _d22315 |
||